000 01731nam a2200217Ia 4500
003 Ost
005 20260507075042.0
008 260507s9999||||xx |||||||||||||| ||und||
040 _cfsecg
041 _aara
082 _a330
100 _a.الدهراوي، كمال الدين
_eمؤلف
245 0 _aمناهج البحث العلمي في مجال المحاسبة /
_c كمال الدين .الدهراوي
260 _aالاسكندرية:
_bدار الجامعة الجديدة,
_c2002
300 _a398 صفحة؛
_bإيضاحات ؛
_c24 سم
520 _aمناهج البحث العلمي، الاطار النظري ووضع وصياغة الفروض، أنواع البحوث، التصميم التجريبي للبحث، قياس المتغيرات، طرق تجميع البيانات، المعاينة الاحصائية، الاختبارات الاحصائية للفروض ، اتجاهات معاصرة لتطوير البناء الفكري للمحاسبة الادارية و مصداقية المعلومات المحاسبية في ظل التضخم و توازن القوى بين المراجع و الشركة و أثره على استقلال المراجع و دراسة تحليلية لأثر أسلوب وضع و مستوى الموازنة التخطيطية على أداء المديرين و أخيرا دراسة تجريبية للاختلافات في درجة الافصاح المحاسبي بين الشركات الكويتية و أثر تصنيف الوسائل المالية الحديثة على المحتوى المعلوماتي لنسبة الديون.
653 _aالبحوث
653 _aالمحاسبة
653 _aطرق البحث
942 _cكتاب
999 _c42525
_d42525